| 000 | 00829nas a2200277 4500 | ||
|---|---|---|---|
| 001 | BR0900432 | ||
| 003 | BR-BrBNA | ||
| 005 | 20231205113018.0 | ||
| 007 | ta | ||
| 008 | 230509b bl.|||p| |||| 00| 00por d | ||
| 040 |
_aBR-BrBNA _bpor _cBiblioteca Nacional de Agricultura |
||
| 041 | _a(Pt) | ||
| 072 | _aQ03 | ||
| 100 | 1 | _aMoura, M. de A. | |
| 100 | 1 | _aMachado, C.H. | |
| 100 | 1 | _aPorfírio, L.C. | |
| 100 | 1 | _aPereira, E.B.B. | |
| 100 | 1 | _aFreire, R.B. | |
| 245 | 1 | _aPerfil leucocitário de frangos de corte tratados com ocratoxina A | |
| 650 | _aFRANGO DE CORTE | ||
| 650 | _aGLOBULO BRANCO | ||
| 650 | _aHEMATOLOGIA | ||
| 773 | 0 |
_tRevista de Ciências Agrícolas (Brazil) _xISSN 1517-591X _g(Jan-Jun 2006), (no. 45) p. 215-222 _wBR0900432 |
|
| 909 |
_a202311 _bLúcia _c55 _dLúcia Elande |
||
| 942 |
_2AGRIS _n0 _cANA |
||
| 999 |
_c201326 _d201326 |
||